Anson's law of contract

Bibliographic Details
Main Author: Guest, A. G.
Format: Book
Published: New York : Oxford , 1984
Edition:26th ed.
Subjects:

MARC

LEADER 00000cam a2200000 7i4500
001 0000000087
005 20050627.0
020 |a 0195826388 
040 |a INS 
090 0 0 |a KD1554.   |b A95 1984 
100 1 |a Guest, A. G. 
245 1 0 |a Anson's law of contract   |c A.G. Guest 
250 |a 26th ed. 
260 |a New York :   |b Oxford ,   |c 1984 
300 |a xip :   |b 641p ;   |c 24cm. 
650 0 0 |a Conflict of laws   |x Contracts 
999 |a 0000000210   |b BOOK   |c Open Shelf   |e Default branch